A separate peace / (Record no. 1727)
[ view plain ]
| 000 -LEADER | |
|---|---|
| fixed length control field | 00815nam a2200301 a 4500 |
| 001 - ACCESSION NUMBER | |
| control field | 29525 |
| 003 - CONTROL NUMBER IDENTIFIER | |
| control field | UkOxU |
| 005 - DATE AND TIME OF LATEST TRANSACTION | |
| control field | 20141120093529.0 |
| 008 - FIXED-LENGTH DATA ELEMENTS--GENERAL INFORMATION | |
| fixed length control field | 691210r19691959enk 000 1 eng |
| 015 ## - NATIONAL BIBLIOGRAPHY NUMBER | |
| National bibliography number | GB6928185 |
| 020 ## - INTERNATIONAL STANDARD BOOK NUMBER | |
| International Standard Book Number | 0435121324 |
| Terms of availability | 9/- |
| 035 ## - SYSTEM CONTROL NUMBER | |
| System control number | (StEdNL)2245053 |
| 035 ## - SYSTEM CONTROL NUMBER | |
| System control number | (UkLCURL)702245053 |
| 038 ## - RECORD CONTENT LICENSOR | |
| Record content licensor | Uk |
| 040 ## - CATALOGING SOURCE | |
| Transcribing agency | ddc |
| 049 ## - LOCAL HOLDINGS (OCLC) | |
| Local processing data | b |
| 082 00 - DEWEY DECIMAL CLASSIFICATION NUMBER | |
| Classification number | 813 |
| Edition number | 18 |
| 090 ## - LOCALLY ASSIGNED LC-TYPE CALL NUMBER (OCLC); LOCAL CALL NUMBER (RLIN) | |
| Classification number (OCLC) (R) ; Classification number, CALL (RLIN) (NR) | NLS |
| Local cutter number (OCLC) ; Book number/undivided call number, CALL (RLIN) | NG.1082.a.4 |
| 100 1# - MAIN ENTRY--PERSONAL NAME | |
| Personal name | Knowles, John, |
| Dates associated with a name | 1926-2001. |
| 245 12 - TITLE STATEMENT | |
| Title | A separate peace / |
| Statement of responsibility, etc. | by John Knowles. |
| 260 ## - PUBLICATION, DISTRIBUTION, ETC. (IMPRINT) | |
| Place of publication, distribution, etc. | London : |
| Name of publisher, distributor, etc. | Heinemann Educational, |
| Date of publication, distribution, etc. | 1969. |
| 300 ## - PHYSICAL DESCRIPTION | |
| Extent | 237 p. ; |
| Dimensions | 20 cm. |
| 490 1# - SERIES STATEMENT | |
| Series statement | The new windmill series |
| Volume/sequential designation | 132 |
| 500 ## - GENERAL NOTE | |
| General note | Originally published (B59-5978), London: Secker & Warburg, 1959 |
| 830 #0 - SERIES ADDED ENTRY--UNIFORM TITLE | |
| Uniform title | New windmill series |
| Volume number/sequential designation | 132. |
| 942 ## - ADDED ENTRY ELEMENTS (KOHA) | |
| Source of classification or shelving scheme | Dewey Decimal Classification |
| Koha item type | Books |
| Withdrawn status | Lost status | Source of classification or shelving scheme | Damaged status | Not for loan | Home library | Current library | Date acquired | Total Checkouts | Full call number | Barcode | Date last seen | Price effective from | Koha item type |
|---|---|---|---|---|---|---|---|---|---|---|---|---|---|
| Dewey Decimal Classification | Wesley Powell Learning Resource Centre | Wesley Powell Learning Resource Centre | 11/20/2014 | RBC/813 KNO | 29525 | 11/20/2014 | 11/20/2014 | Books |